000 00492nmm a2200157Ia 4500
008 251105s9999||||xx |||||||||||||||||und||
020 _a9781558854086
041 _aspa
_aeng
100 _aGonzales Bertrand, Diane
245 0 _aUpside down and backwards = De cabeza y al revés
264 _a[Washington, Estados Unidos] :
_bArte Público Press,
_c2004
300 _a64 páginas
650 _aAges 9-12 Years Old
856 _uhttps://public.digitaliapublishing.com/a/23094
942 _cCF
999 _c74764
_d74764